000 02279cam a22004814i 4500
003 PE-LiUPU
005 20250731173344.0
008 150706s2008 kyu rb 000 0 eng d
020 _a9780664221423
035 _a(Sirsi) i9780664221423
040 _aPE-LiUPU
_bspa
_cPE-LiUPU
_erda
049 _aPRUA
082 0 4 _a225.07
_bNTL
_221
100 1 _aSumney, Jerry L.,
_eautor.
245 1 0 _aColossians :
_ba commentary /
_cJerry L. Sumney.
264 1 _aLouisville :
_bWestminster John Knox Press,
_c2008.
300 _a305 páginas ;
_c23 centímetros.
336 _atext
_2rdacontent
337 _aunmediated
_2rdamedia
338 _avolume
_2rdacarrier
490 0 _aThe New testament Library
504 _aIncluye referencias bibliográficas.
505 0 _aEpistolary Greeting -- Introductory thanksgiving and prayer -- The initial thanksgiving -- Intercession for the Colossians -- God's saving Acts -- Poetic confession of the place of Christ -- Argument 1 accept this letter's teaching and instruction Because Paul Is the trustworthy bearer of the True Gospel -- Paul Is the Trustworthy bearer of the True Gospel -- Argument 2 Accept the Letter's Teaching and Instruction Because only this message is consistent with the faith you have already received -- Remain faithful to the Gospel you received -- Accept the letter's teaching and instruction because you have been granted Holiness in Baptism -- Granted Holiness in Baptism, live Holy lives.
526 _aSEG42
526 _aSEG41
526 _aSEG40
526 _aSEG39
526 _aP94
526 _aP87
526 _aP86
526 _aP85
526 _aP77
526 _aP76
526 _aP35
541 _g48101-1479;
630 _aBiblia.
_pN.T.
_pColosenses
_xComentarios.
910 _agl
_bjv
_clch
_d20091118
942 _2ddc
_cBOOK
949 _a225.07 NTL 12
_wDEWEY
_c1
_i60639
_lCCODEBUL1
_mBUL
_p50.00
_r0
_sY
_tBOOK
_u2015-7-6
_xTEOLOGIA
_zUNKNOWN
_0COMPRA
_o.STAFF. Colección General
994 _aC0
_bPEPRU
596 _a1
999 _a225.07 NTL 12
_wDEWEY
_c50054
_i60639
_f2021-11-9
_g5
_lCCODEBUL1
_mBUL
_p50.00
_r0
_sY
_tBOOK
_u2015-7-6
_xTEOLOGIA
_PP35
_0COMPRA
_o.STAFF. Colección Teología
_d50054
980 _81
_gALBERTO SANCHEZ Responsable de Automatización